000 00276nam a22001217a 4500
020 _a978-0-545-47965-1
082 _a823
_bBRI/C
100 _aBRIDWELL, NORMAN
245 _aCLIFFORD'S BIRTHDAY PARTY
260 _aUK
_bSCHOLASTIC
650 _aSHORT STORY- ENGLISH
942 _cBK
999 _c3443
_d3443